[Event "Regionalliga NO 1314"]
[Site "Bayern"]
[Date "2013.11.10"]
[Round "2.7"]
[White "Jehl, Guenter"]
[Black "Sikorsky, Horst"]
[Result "1/2-1/2"]
[WhiteElo "2072"]
[BlackElo "1929"]
[PlyCount "76"]
[EventDate "2013.10.13"]
[EventType "team-tourn"]
[EventRounds "9"]
[EventCountry "GER"]
[SourceTitle "EXT 2015"]
[Source "ChessBase"]
[SourceDate "2014.11.20"]
[SourceVersion "1"]
[SourceVersionDate "2014.11.20"]
[SourceQuality "1"]
[WhiteTeam "Schwandorf"]
[BlackTeam "Gunzenhausen"]
[WhiteTeamCountry "GER"]
[BlackTeamCountry "GER"]

1. d4 Nf6 2. e3 g6 3. Bd3 Bg7 4. Nd2 d6 5. Ngf3 0-0 6. 0-0 Nc6 7. c3 e5 8. dxe5 dxe5 9. Qc2 Nd5 10. a3 f5 11. Rd1 Be6 12. Bc4 Qf6 13. Nb3 Nf4 14. Bf1 Nh5 15. Nc5 Bc8 16. Bc4+ Kh8 17. e4 Qe7 18. b4 b6 19. Bd5 bxc5 20. Bxc6 Rb8 21. Be3 Qf6 22. Bd5 c6 23. Bg5 Qd6 24. Bc4 Qc7 25. Be3 fxe4 26. Ng5 Nf4 27. Bxc5 Bf5 28. Bxf8 Rxf8 29. Qa2 h6 30. Ne6 Bxe6 31. Bxe6 Qe7 32. Bd7 Qg5 33. g3 Nd3 34. Rf1 e3 35. Bxc6 e4 36. Bxe4 exf2+ 37. Kh1 Qe3 38. Qd5 Ne1 1/2-1/2

[Event "Regionalliga NO 1112"]
[Site "Bayern"]
[Date "2012.03.18"]
[Round "8.5"]
[White "Bloederl, Alfred"]
[Black "Jehl, Guenter"]
[Result "0-1"]
[WhiteElo "1943"]
[BlackElo "2078"]
[PlyCount "82"]
[EventDate "2011.10.02"]
[EventType "team-tourn"]
[EventRounds "9"]
[EventCountry "GER"]
[SourceTitle "EXT 2015"]
[Source "ChessBase"]
[SourceDate "2014.11.20"]
[SourceVersion "1"]
[SourceVersionDate "2014.11.20"]
[SourceQuality "1"]
[WhiteTeam "Windischeschenbach"]
[BlackTeam "Schwandorf"]
[WhiteTeamCountry "GER"]
[BlackTeamCountry "GER"]

1. d4 d5 2. c4 e6 3. Nc3 f5 4. g3 Nf6 5. Bg2 c6 6. Nh3 Be7 7. 0-0 0-0 8. b3 Bd7 9. f3 b5 10. Qd3 Na6 11. Bf4 Nb4 12. Qd2 bxc4 13. bxc4 dxc4 14. e4 Nd3 15. Be3 Rb8 16. Rab1 Qa5 17. Ne2 Qa4 18. Nhf4 Bb4 19. Qd1 Qa3 20. Nxd3 cxd3 21. Nf4 c5 22. Qxd3 Qxd3 23. Nxd3 Bb5 24. Rfd1 Bxd3 25. Rxd3 c4 26. Rdd1 fxe4 27. fxe4 Ng4 28. Bf4 e5 29. Bxe5 Nxe5 30. dxe5 c3 31. Rbc1 Rbd8 32. Rxd8 Bc5+ 33. Kh1 Rxd8 34. Bf1 Bd4 35. Bc4+ Kf8 36. e6 Rb8 37. Bb3 Rb4 38. Rb1 Rb6 39. Rf1+ Ke8 40. Rd1 Be3 41. Rd7 Rxb3 0-1

[Event "Regionalliga NO 1112"]
[Site "Bayern"]
[Date "2012.01.15"]
[Round "5.6"]
[White "Goetz, Andreas"]
[Black "Jehl, Guenter"]
[Result "0-1"]
[WhiteElo "2082"]
[BlackElo "2078"]
[PlyCount "140"]
[EventDate "2011.10.02"]
[EventType "team-tourn"]
[EventRounds "9"]
[EventCountry "GER"]
[SourceTitle "EXT 2013"]
[Source "ChessBase"]
[SourceDate "2012.11.22"]
[SourceVersion "1"]
[SourceVersionDate "2012.11.22"]
[SourceQuality "1"]
[WhiteTeam "Erlangen"]
[BlackTeam "Schwandorf"]
[WhiteTeamCountry "GER"]
[BlackTeamCountry "GER"]

1. e4 c6 2. d4 d5 3. Nd2 dxe4 4. Nxe4 Nf6 5. Nxf6+ gxf6 6. Bf4 Bf5 7. Nf3 Nd7 8. Bd3 Bg6 9. 0-0 e6 10. a4 Nb6 11. c4 a5 12. Re1 Bb4 13. Rf1 Qd7 14. c5 Bxd3 15. Qxd3 Bxc5 16. Bh6 Bf8 17. Bxf8 Kxf8 18. Rfc1 Nd5 19. Nd2 Nf4 20. Qf3 Qxd4 21. Ne4 Qe5 22. g3 Rg8 23. Kf1 Nd5 24. Nc5 Qc7 25. Qa3 Ke8 26. Qb3 b6 27. Ne4 Rc8 28. Rd1 Ke7 29. Qf3 f5 30. Nc3 Rcd8 31. Nxd5+ Rxd5 32. Rxd5 cxd5 33. Qe3 Qc4+ 34. Kg1 d4 35. Qf4 Rc8 36. Rd1 d3 37. Qg5+ Kf8 38. Qf6 Ke8 39. Qh8+ Ke7 40. Qxh7 Qxa4 41. Qh5 Qg4 42. Qxg4 fxg4 43. Rxd3 Rc1+ 44. Kg2 b5 45. Rd2 a4 46. f3 f5 47. fxg4 fxg4 48. Kf2 e5 49. Ke3 Ke6 50. Rf2 b4 51. Kd2 Rc4 52. Kd3 Kd5 53. Rf8 Rd4+ 54. Kc2 b3+ 55. Kc3 Rc4+ 56. Kd3 Rd4+ 57. Ke3 a3 58. bxa3 Ra4 59. Rd8+ Ke6 60. Re8+ Kf6 61. Rf8+ Ke7 62. Rb8 Rxa3 63. Ke4 Kd6 64. Rb6+ Kc5 65. Rb8 Ra4+ 66. Kxe5 Rb4 67. Rc8+ Kb5 68. Rb8+ Kc4 69. Rc8+ Kd3 70. Rd8+ Ke2 0-1

[Event "Regionalliga NO 1112"]
[Site "Bayern"]
[Date "2011.12.11"]
[Round "4.5"]
[White "Boese, Klaus"]
[Black "Jehl, Guenter"]
[Result "0-1"]
[WhiteElo "1951"]
[BlackElo "2078"]
[PlyCount "124"]
[EventDate "2011.10.02"]
[EventType "team-tourn"]
[EventRounds "9"]
[EventCountry "GER"]
[SourceTitle "EXT 2013"]
[Source "ChessBase"]
[SourceDate "2012.11.22"]
[SourceVersion "1"]
[SourceVersionDate "2012.11.22"]
[SourceQuality "1"]
[WhiteTeam "Bechhofen"]
[BlackTeam "Schwandorf"]
[WhiteTeamCountry "GER"]
[BlackTeamCountry "GER"]

1. d4 d5 2. Nf3 c6 3. c3 e6 4. Bf4 f5 5. Nbd2 Nf6 6. e3 Be7 7. Ne5 0-0 8. Bd3 Nbd7 9. 0-0 Qe8 10. Ndf3 Nxe5 11. Nxe5 Nh5 12. Be2 Nf6 13. Bg3 Ne4 14. Bf4 g5 15. Bh5 Qd8 16. Bg3 Bd6 17. Nd3 Nxg3 18. fxg3 g4 19. Bxg4 fxg4 20. Qxg4+ Kh8 21. Qh5 Rf5 22. Qe2 Bd7 23. e4 dxe4 24. Qxe4 Qf6 25. Rf3 Rxf3 26. gxf3 Rf8 27. Kg2 Be8 28. Re1 Bg6 29. Qe3 Qf5 30. Nf2 Qh5 31. Ne4 Bxe4 32. Qxe4 Qd5 33. Re2 Qxe4 34. Rxe4 Rf6 35. Re2 Kg7 36. Re4 Kf7 37. Rh4 h6 38. Re4 b6 39. f4 Rf5 40. Kf3 h5 41. h3 c5 42. dxc5 Rxc5 43. Rd4 Rd5 44. Ra4 Rd3+ 45. Kg2 Rd2+ 46. Kf3 Rxb2 47. Rxa7+ Kf6 48. Ra4 Rc2 49. Rc4 Rxa2 50. g4 h4 51. Rc6 Bc5 52. f5 Rf2+ 53. Ke4 Re2+ 54. Kd3 Re3+ 55. Kc4 Rxh3 56. Rxe6+ Kf7 57. Rh6 Be3 58. Re6 Rg3 59. g5 Bxg5 60. Rxb6 h3 61. Rb7+ Kf6 62. Rh7 Rg4+ 0-1

[Event "Landesliga Nord 1011"]
[Site "Bayern"]
[Date "2011.04.10"]
[Round "9.4"]
[White "Strube, Frank"]
[Black "Jehl, Guenter"]
[Result "1-0"]
[WhiteElo "2120"]
[BlackElo "2078"]
[PlyCount "59"]
[EventDate "2010.10.10"]
[EventType "team-tourn"]
[EventRounds "9"]
[EventCountry "GER"]
[SourceTitle "EXT 2012"]
[Source "ChessBase"]
[SourceDate "2011.11.24"]
[SourceVersion "1"]
[SourceVersionDate "2011.11.24"]
[SourceQuality "1"]
[WhiteTeam "Bamberg"]
[BlackTeam "Schwandorf"]
[WhiteTeamCountry "GER"]
[BlackTeamCountry "GER"]

1. c4 e6 2. Nf3 d5 3. g3 Bd6 4. Bg2 c6 5. Nc3 Bc7 6. b3 Nf6 7. 0-0 d4 8. Na4 h5 9. e3 d3 10. Bb2 Nbd7 11. Qb1 h4 12. Qxd3 hxg3 13. fxg3 Qe7 14. Qe2 Nh5 15. d4 Nxg3 16. hxg3 Bxg3 17. e4 e5 18. Rad1 Nf6 19. Nxe5 Ng4 20. Nxg4 Qh4 21. Rf5 g6 22. d5 gxf5 23. exf5+ Kf8 24. Bf6 Bxf5 25. Qe7+ Kg8 26. Bxh4 Rxh4 27. Qg5+ Bg6 28. Nf6+ Kg7 29. Qxg3 Rah8 30. Ng4 1-0

[Event "Landesliga Nord 1011"]
[Site "Bayern"]
[Date "2011.03.20"]
[Round "8.5"]
[White "Gerlach, Manuela"]
[Black "Jehl, Guenter"]
[Result "1/2-1/2"]
[WhiteElo "1972"]
[BlackElo "2078"]
[PlyCount "37"]
[EventDate "2010.10.10"]
[EventType "team-tourn"]
[EventRounds "9"]
[EventCountry "GER"]
[SourceTitle "EXT 2012"]
[Source "ChessBase"]
[SourceDate "2011.11.24"]
[SourceVersion "1"]
[SourceVersionDate "2011.11.24"]
[SourceQuality "1"]
[WhiteTeam "Obernau"]
[BlackTeam "Schwandorf"]
[WhiteTeamCountry "GER"]
[BlackTeamCountry "GER"]

1. d4 d5 2. Nf3 c6 3. c3 e6 4. Bf4 Be7 5. e3 f5 6. Nbd2 Nf6 7. h3 Nbd7 8. Bd3 Ne4 9. Qc2 0-0 10. 0-0 g5 11. Bh2 h5 12. Ne5 Nxd2 13. Qxd2 Bd6 14. Nxd7 Bxh2+ 15. Kxh2 Bxd7 16. f4 g4 17. g3 Kf7 18. h4 Qa5 19. b4 1/2-1/2

[Event "Landesliga Nord 1011"]
[Site "Bayern"]
[Date "2010.12.12"]
[Round "4.4"]
[White "Jehl, Guenter"]
[Black "Kuznetsov, Volodymyr"]
[Result "1/2-1/2"]
[WhiteElo "2078"]
[BlackElo "2128"]
[PlyCount "98"]
[EventDate "2010.10.10"]
[EventType "team-tourn"]
[EventRounds "9"]
[EventCountry "GER"]
[SourceTitle "EXT 2012"]
[Source "ChessBase"]
[SourceDate "2011.11.24"]
[SourceVersion "1"]
[SourceVersionDate "2011.11.24"]
[SourceQuality "1"]
[WhiteTeam "Schwandorf"]
[BlackTeam "Bindlach II"]
[WhiteTeamCountry "GER"]
[BlackTeamCountry "GER"]

1. d4 Nf6 2. e3 d5 3. Bd3 Bg4 4. Ne2 e6 5. f3 Bh5 6. Nf4 Bd6 7. Qe2 Nbd7 8. Nxh5 Nxh5 9. f4 g6 10. g3 c6 11. Nd2 f5 12. c4 Ndf6 13. c5 Bc7 14. b4 Ne4 15. Nxe4 fxe4 16. Bc2 a6 17. a4 0-0 18. Bb2 Ng7 19. 0-0 g5 20. Bc3 h5 21. b5 gxf4 22. gxf4 Qh4 23. b6 Bd8 24. Kh1 Bf6 25. Rg1 Kf7 26. Be1 Qh3 27. Rg3 Qf5 28. Bf2 Rh8 29. Rag1 Rh6 30. Bd1 Rah8 31. Qf1 Qh7 32. Rxg7+ Bxg7 33. Bh4 Bf6 34. Bg5 Rg6 35. h4 Rgg8 36. Be2 Qf5 37. Kh2 Bxg5 38. hxg5 Kg6 39. a5 Re8 40. Qg2 Rhf8 41. Qg3 Re7 42. Qh4 Rh7 43. Bf1 Qf7 44. Bh3 Qe7 45. Rf1 Rhf7 46. Kg1 Rh7 47. Qg3 Rg7 48. Qh4 Qe8 49. Rf2 Qe7 1/2-1/2

[Event "Landesliga Nord 1011"]
[Site "Bayern"]
[Date "2010.10.24"]
[Round "2.4"]
[White "Gegenfurtner, Juergen"]
[Black "Jehl, Guenter"]
[Result "1-0"]
[WhiteElo "2214"]
[BlackElo "2078"]
[PlyCount "103"]
[EventDate "2010.10.10"]
[EventType "team-tourn"]
[EventRounds "9"]
[EventCountry "GER"]
[SourceTitle "EXT 2012"]
[Source "ChessBase"]
[SourceDate "2011.11.24"]
[SourceVersion "1"]
[SourceVersionDate "2011.11.24"]
[SourceQuality "1"]
[WhiteTeam "Neutraubling"]
[BlackTeam "Schwandorf"]
[WhiteTeamCountry "GER"]
[BlackTeamCountry "GER"]

1. e4 d5 2. exd5 Qxd5 3. d4 e5 4. Nf3 exd4 5. Qxd4 Qe6+ 6. Be3 Nc6 7. Qd2 Bc5 8. Nc3 Bxe3 9. fxe3 Bd7 10. 0-0-0 0-0-0 11. Nd4 Qe8 12. Ncb5 Nxd4 13. Qxd4 Bxb5 14. Bxb5 Rxd4 15. Bxe8 Rxd1+ 16. Rxd1 Nh6 17. Bd7+ Kb8 18. Bh3 Re8 19. Rd4 c5 20. Rd5 b6 21. Kd2 g6 22. Rd7 Re5 23. Rd8+ Kb7 24. Rh8 Nf5 25. Rxh7 Nd6 26. Kd3 b5 27. g4 Kb6 28. b3 a5 29. Bg2 c4+ 30. Kd4 Rg5 31. Bf3 cxb3 32. cxb3 Rc5 33. Bd5 b4 34. Bxf7 Nb5+ 35. Kd3 Nc3 36. Rh6 Nxa2 37. Rxg6+ Kb7 38. Bc4 a4 39. bxa4 Nc1+ 40. Kd4 Rc7 41. a5 Rd7+ 42. Kc5 b3 43. Rb6+ Ka7 44. Bxb3 Nd3+ 45. Kb5 Ne5 46. g5 Rd3 47. Bc4 Rd2 48. Re6 Rb2+ 49. Kc5 Nd7+ 50. Kd6 Rd2+ 51. Bd5 Nb8 52. g6 1-0

[Event "Landesliga Nord 0809"]
[Site "Bayern"]
[Date "2008.11.30"]
[Round "3.4"]
[White "Reiser, Wolfgang"]
[Black "Jehl, Guenter"]
[Result "0-1"]
[WhiteElo "2079"]
[BlackElo "2076"]
[PlyCount "54"]
[EventDate "2008.10.05"]
[EventType "team-tourn"]
[EventRounds "9"]
[EventCountry "GER"]
[SourceTitle "EXT 2020"]
[Source "ChessBase"]
[SourceDate "2019.10.17"]
[SourceVersion "1"]
[SourceVersionDate "2019.10.17"]
[SourceQuality "1"]
[WhiteTeam "Nuernberg NT II"]
[BlackTeam "Schwandorf"]
[WhiteTeamCountry "GER"]
[BlackTeamCountry "GER"]

1. c4 e6 2. g3 d5 3. Bg2 f5 4. Nf3 Nf6 5. 0-0 Bd6 6. b3 Qe7 7. Bb2 c6 8. Ne5 Nbd7 9. Nxd7 Bxd7 10. d3 f4 11. e4 fxe3 12. fxe3 0-0-0 13. Nd2 h5 14. Nf3 Ng4 15. Qe2 h4 16. h3 e5 17. cxd5 cxd5 18. hxg4 hxg3 19. Rfc1+ Kb8 20. e4 Bxg4 21. Qe1 Bxf3 22. Qxg3 Bxg2 23. Kxg2 Rh5 24. Kf2 Rdh8 25. Rg1 dxe4 26. Qxg7 Rh2+ 27. Rg2 Qxg7 0-1

[Event "Landesliga Nord 0809"]
[Site "Bayern"]
[Date "2008.10.26"]
[Round "2.5"]
[White "Dietrich, Reinhard"]
[Black "Jehl, Guenter"]
[Result "0-1"]
[WhiteElo "2049"]
[BlackElo "2076"]
[PlyCount "64"]
[EventDate "2008.10.05"]
[EventType "team-tourn"]
[EventRounds "9"]
[EventCountry "GER"]
[SourceTitle "EXT 2020"]
[Source "ChessBase"]
[SourceDate "2019.10.17"]
[SourceVersion "1"]
[SourceVersionDate "2019.10.17"]
[SourceQuality "1"]
[WhiteTeam "Neutraubling"]
[BlackTeam "Schwandorf"]
[WhiteTeamCountry "GER"]
[BlackTeamCountry "GER"]

1. e4 d5 2. exd5 Qxd5 3. Nc3 Qd6 4. d4 Nf6 5. Nf3 Bg4 6. Nb5 Qd8 7. Bf4 Na6 8. Be2 c6 9. Na3 e6 10. Nc4 Nb4 11. 0-0 Nbd5 12. Bg5 h6 13. Bc1 Qc7 14. Nce5 Bf5 15. c4 Nb4 16. a3 Nc2 17. Ra2 c5 18. d5 Bd6 19. Bd3 Nd4 20. Bxf5 Nxf5 21. Qa4+ Kf8 22. Re1 Re8 23. dxe6 Nd4 24. Nxd4 Bxe5 25. Nf3 Rxe6 26. Be3 Ng4 27. Qxa7 Bxh2+ 28. Kh1 Rxe3 29. Qa8+ Ke7 30. Rxe3+ Kf6 31. Ne5 Nxf2+ 32. Kxh2 Rxa8 0-1

[Event "Landesliga Nord 0809"]
[Site "Bayern"]
[Date "2008.10.05"]
[Round "1.5"]
[White "Jehl, Guenter"]
[Black "Rehak, Martin"]
[Result "1/2-1/2"]
[WhiteElo "2076"]
[BlackElo "2128"]
[PlyCount "36"]
[EventDate "2008.10.05"]
[EventType "team-tourn"]
[EventRounds "9"]
[EventCountry "GER"]
[SourceTitle "EXT 2020"]
[Source "ChessBase"]
[SourceDate "2019.10.17"]
[SourceVersion "1"]
[SourceVersionDate "2019.10.17"]
[SourceQuality "1"]
[WhiteTeam "Schwandorf"]
[BlackTeam "Kulmbach"]
[WhiteTeamCountry "GER"]
[BlackTeamCountry "GER"]

1. d4 Nf6 2. e3 b6 3. Bd3 Bb7 4. Nf3 e6 5. 0-0 Be7 6. Nbd2 d5 7. Ne5 Ba6 8. c4 0-0 9. b3 c5 10. Bb2 Nfd7 11. f4 f5 12. Ndf3 Bb7 13. Rc1 Nxe5 14. Nxe5 Nd7 15. Nf3 Rc8 16. Rc2 Nf6 17. Ne5 Nd7 18. Nf3 Nf6 1/2-1/2

[Event "Landesliga Nord 0708"]
[Site "Bayern"]
[Date "2008.04.06"]
[Round "8.4"]
[White "Jehl, Guenter"]
[Black "Demburg, Dimitrij"]
[Result "1-0"]
[WhiteElo "2027"]
[BlackElo "2046"]
[PlyCount "91"]
[EventDate "2007.10.21"]
[EventType "team-tourn"]
[EventRounds "9"]
[EventCountry "GER"]
[SourceTitle "EXT 2009"]
[Source "ChessBase"]
[SourceDate "2008.11.26"]
[SourceVersion "1"]
[SourceVersionDate "2008.11.26"]
[SourceQuality "1"]
[WhiteTeam "Schwandorf"]
[BlackTeam "Nuernberg NT II"]
[WhiteTeamCountry "GER"]
[BlackTeamCountry "GER"]

1. d4 f5 2. c4 Nf6 3. Nc3 g6 4. Nf3 Bg7 5. e3 0-0 6. Be2 d6 7. 0-0 Qe8 8. b4 h6 9. Bb2 Nc6 10. Qb3 Kh7 11. Nb5 Qd7 12. Rad1 Nd8 13. Ne5 dxe5 14. dxe5 Qc6 15. exf6 Bxf6 16. Bf3 Qb6 17. Bxf6 exf6 18. a4 Ne6 19. c5 Qa6 20. Rd2 Rb8 21. Rfd1 c6 22. Rd6 Ng5 23. Bd5 Kg7 24. Bc4 cxb5 25. Bxb5 Qxd6 26. cxd6 Be6 27. Bc4 Bd7 28. h4 Ne4 29. f3 Ng3 30. Kf2 f4 31. exf4 Nf5 32. Be6 Rfd8 33. g4 Nxh4 34. Kg3 g5 35. Bxd7 Rxd7 36. Qe6 Rbd8 37. f5 h5 38. gxh5 Rxd6 39. Rxd6 Rxd6 40. Qe7+ Kg8 41. Qe8+ Kg7 42. h6+ Kh7 43. Kg4 Rc6 44. Qf8 Rc7 45. Qxf6 Rc4+ 46. Kg3 1-0

[Event "Regionalliga NO 0607"]
[Site "Bayern"]
[Date "2007.04.22"]
[Round "9.6"]
[White "Jehl, Guenter"]
[Black "Hanisch, Friedrich"]
[Result "0-1"]
[WhiteElo "1996"]
[BlackElo "2033"]
[PlyCount "76"]
[EventDate "2006.10.15"]
[EventType "team-tourn"]
[EventRounds "9"]
[EventCountry "GER"]
[SourceTitle "EXT 2008"]
[Source "ChessBase"]
[SourceDate "2007.11.25"]
[SourceVersion "1"]
[SourceVersionDate "2007.11.25"]
[SourceQuality "1"]
[WhiteTeam "Schwandorf"]
[BlackTeam "Altensittenbach"]
[WhiteTeamCountry "GER"]
[BlackTeamCountry "GER"]

1. d4 Nf6 2. e3 c5 3. c3 b6 4. Nf3 g6 5. Nbd2 Bg7 6. Bd3 0-0 7. 0-0 d6 8. Re1 Bb7 9. e4 e6 10. a3 Nc6 11. Nf1 e5 12. d5 Ne7 13. Ng3 Bc8 14. h4 Bg4 15. Be2 Nh5 16. Nxh5 Bxh5 17. Ng5 Bxe2 18. Qxe2 h6 19. Nh3 Qd7 20. h5 f5 21. hxg6 f4 22. Kf1 f3 23. Qd3 Qg4 24. gxf3 Rxf3 25. Re3 Qxh3+ 26. Ke2 Rxe3+ 27. Bxe3 Nxg6 28. Kd2 Nf4 29. Qa6 Qg4 30. a4 Kh7 31. a5 Rb8 32. Bxf4 Qxf4+ 33. Ke2 Qxe4+ 34. Kf1 Qh1+ 35. Ke2 Qxa1 36. Qxa7 Qxb2+ 37. Kd3 Qb1+ 38. Kc4 b5# 0-1

[Event "Regionalliga NO 0506"]
[Site "Bayern"]
[Date "2006.01.15"]
[Round "5.6"]
[White "Schwirzer, Christoph"]
[Black "Jehl, Guenter"]
[Result "1-0"]
[WhiteElo "1745"]
[BlackElo "2023"]
[PlyCount "85"]
[EventDate "2005.10.23"]
[EventType "team-tourn"]
[EventRounds "9"]
[EventCountry "GER"]
[SourceTitle "EXT 2007"]
[Source "ChessBase"]
[SourceDate "2006.11.23"]
[SourceVersion "1"]
[SourceVersionDate "2006.11.23"]
[SourceQuality "1"]

1. d4 d5 2. c4 e6 3. Nf3 c6 4. cxd5 exd5 5. Bf4 f5 6. e3 Nf6 7. Nc3 Be7 8. Bd3 0-0 9. 0-0 Ne4 10. Ne5 g5 11. Bg3 Nxg3 12. hxg3 Nd7 13. Nxd7 Qxd7 14. f3 Bd6 15. Ne2 Qe6 16. Qd2 Kh8 17. Kf2 Bd7 18. Rh1 Be8 19. g4 Bg6 20. Rh6 Kg7 21. gxf5 Rxf5 22. Bxf5 Qxf5 23. Rah1 Re8 24. Ng3 Bxg3+ 25. Kxg3 g4 26. Kf2 Qg5 27. R6h4 Rf8 28. Qe2 h5 29. Ke1 Re8 30. Kd2 c5 31. f4 Qd8 32. f5 Qa5+ 33. Kd1 cxd4 34. fxg6 Rxe3 35. Qd2 Qc5 36. Rxh5 Qc4 37. Rh7+ Kg8 38. Rh8+ Kg7 39. R1h7+ Kf6 40. Qf2+ Rf3 41. gxf3 Qd3+ 42. Qd2 Qf1+ 43. Qe1 1-0

[Event "Regionalliga NO 0506"]
[Site "Bayern"]
[Date "2005.11.13"]
[Round "2.4"]
[White "Jehl, Guenter"]
[Black "Born, Reiner"]
[Result "1/2-1/2"]
[WhiteElo "2023"]
[BlackElo "1949"]
[PlyCount "55"]
[EventDate "2005.10.23"]
[EventType "team-tourn"]
[EventRounds "9"]
[EventCountry "GER"]
[SourceTitle "EXT 2007"]
[Source "ChessBase"]
[SourceDate "2006.11.23"]
[SourceVersion "1"]
[SourceVersionDate "2006.11.23"]
[SourceQuality "1"]

1. d4 e6 2. e3 f5 3. Bd3 Nf6 4. Nd2 c5 5. c3 Nc6 6. Qe2 cxd4 7. exd4 Be7 8. Nh3 0-0 9. 0-0 b6 10. Re1 Nd5 11. Nf3 Bf6 12. Nf4 Nxf4 13. Bxf4 g5 14. Bd6 g4 15. Ne5 Nxe5 16. dxe5 Be7 17. Ba6 Bxd6 18. exd6 Bxa6 19. Qxa6 Qc8 20. Qb5 Qb7 21. Re5 Rac8 22. Rd1 Rf6 23. Rd4 Rc6 24. Qe2 Qb8 25. Qd2 Qf8 26. c4 Qh6 27. Qe1 Qf8 28. Qd2 1/2-1/2

[Event "Regionalliga NO 0506"]
[Site "Bayern"]
[Date "2005.10.23"]
[Round "1.5"]
[White "Jehl, Guenter"]
[Black "Stubbe, Wilko"]
[Result "1/2-1/2"]
[WhiteElo "2023"]
[BlackElo "2009"]
[PlyCount "86"]
[EventDate "2005.10.23"]
[EventType "team-tourn"]
[EventRounds "9"]
[EventCountry "GER"]
[SourceTitle "EXT 2007"]
[Source "ChessBase"]
[SourceDate "2006.11.23"]
[SourceVersion "1"]
[SourceVersionDate "2006.11.23"]
[SourceQuality "1"]

1. d4 Nf6 2. e3 g6 3. Bd3 Bg7 4. Nd2 d6 5. Ngf3 c6 6. c3 Nbd7 7. Qe2 Qc7 8. 0-0 0-0 9. a4 Re8 10. Nc4 e5 11. dxe5 dxe5 12. e4 Nc5 13. Bc2 Bg4 14. b4 Ne6 15. h3 Bxf3 16. Qxf3 b5 17. Nd2 a5 18. axb5 axb4 19. b6 Qxb6 20. Nc4 Qc7 21. Rxa8 Rxa8 22. cxb4 Nd4 23. Qd3 Qe7 24. Ba3 Nh5 25. g3 Qf6 26. Bd1 Rd8 27. Bc1 Qe6 28. Bg4 Qe7 29. Bxh5 gxh5 30. Bd2 Qe6 31. Kg2 Qg6 32. Kh2 Qf6 33. f3 h4 34. Be1 Nf5 35. Qc2 hxg3+ 36. Kh1 Nd4 37. Qg2 Qe6 38. Bxg3 Qxc4 39. Bxe5 Qxf1+ 40. Qxf1 Bxe5 41. f4 Bg7 42. e5 Nf5 43. Qb1 Ne3 1/2-1/2